Adaptívne robotické systémy
Guardado en:
| Formato: | Libro |
|---|---|
| Publicado: |
Banská Bystrica :
Dom techniky ČSVTS,
1989
|
| Etiquetas: |
Sin Etiquetas, Sea el primero en etiquetar este registro!
|
MARC
| LEADER | 00000nam a22000003a 4500 | ||
|---|---|---|---|
| 001 | stu48397 | ||
| 005 | 20150408180159.6 | ||
| 008 | ------s1989----cs----------------------d | ||
| 040 | |a STU |b slo | ||
| 041 | 0 | ||
| 044 | |a cs | ||
| 080 | |a 621.865.8 |7 A000003983 | ||
| 245 | |a Adaptívne robotické systémy | ||
| 260 | |a Banská Bystrica : |b Dom techniky ČSVTS, |c 1989 | ||
| 300 | |a 131 s | ||
| 996 | |b J82993 |c J*82993/K 3 |l JJK3 |s P |a 0 |w stu48397_0001 | ||